00000000nas##2200000za#4500
0019.509631
003CaOODSP
00520200331214152
007ta
008150406c1994||||xxc|| m #||||f|   |0fre|d
040 |aCaOODSP|bfre
041 |aeng
041 |afre
043 |an-cn---
0861 |aSC94-47
1101 |aCanada.|bCentre canadien de gestion.
24510|aRapport du CCG
260 |aOttawa - Ontario : |bCentre canadien de gestion
500 |a«Ces rapports feront état du point de vue du CCG sur les thèmes ou les enjeux actuels en matière de gestion et offriront des conseils pratiques aux gestionnaires.»--Préface.
5203 |aCes rapports feront état du point de vue du CCG sur les thèmes ou les enjeux actuels en matière de gestion et offriront des conseils pratiques aux gestionnaires.--Préface
546 |aBilingue
563 |aCouverture souple
7760#|tRapport du CCG |w(CaOODSP)9.503292
7760#|tCCMD report |w(CaOODSP)9.506895
791 |tCCMD report |eeng|w(CaOODSP)9.509630